000 00660nam a22002297a 4500
005 20260413111644.0
008 260413b |||||||| |||| 00| 0 eng d
020 _a9781529688092
037 _cTB
040 _aCRL
_cCRL
041 _2eng
_aeng
084 _aΣ:f R6
_qCRL
245 _aQualitative research
260 _aLondon, UK:
_bSage,
_c2026.
300 _a490p.
365 _b48.99
_cGBP
650 _aSocial Sciences
650 _aResearch Methodology
700 _aSilverman, David
_eEditor,
942 _2CC
_cTB
_e6th
_hΣ:f R6
_n0
999 _c1848248
_d1848248